<?xml version="1.0" encoding="UTF-8"?>
<record
    xmlns:xsi="http://www.w3.org/2001/XMLSchema-instance"
    xsi:schemaLocation="http://www.loc.gov/MARC21/slim http://www.loc.gov/standards/marcxml/schema/MARC21slim.xsd"
    xmlns="http://www.loc.gov/MARC21/slim">

  <leader>00794nam a22002657a 4500</leader>
  <controlfield tag="003">0</controlfield>
  <controlfield tag="005">20180810113712.0</controlfield>
  <controlfield tag="008">0</controlfield>
  <datafield tag="010" ind1=" " ind2=" ">
    <subfield code="a">B-091548</subfield>
  </datafield>
  <datafield tag="020" ind1=" " ind2=" ">
    <subfield code="c">650.00</subfield>
    <subfield code="a">8121510678</subfield>
  </datafield>
  <datafield tag="035" ind1=" " ind2=" ">
    <subfield code="a">B-091548, B-091549, B-091552</subfield>
  </datafield>
  <datafield tag="037" ind1=" " ind2=" ">
    <subfield code="b">Cen Lib/Ret</subfield>
  </datafield>
  <datafield tag="040" ind1=" " ind2=" ">
    <subfield code="a">DPL</subfield>
    <subfield code="b">EN</subfield>
    <subfield code="c">0</subfield>
  </datafield>
  <datafield tag="082" ind1=" " ind2=" ">
    <subfield code="a">250</subfield>
    <subfield code="b">BAR</subfield>
  </datafield>
  <datafield tag="100" ind1=" " ind2=" ">
    <subfield code="a">Barua,Dipak Kumar</subfield>
    <subfield code="9">14860</subfield>
  </datafield>
  <datafield tag="245" ind1=" " ind2=" ">
    <subfield code="a">An analytical study of four Nikayas /</subfield>
    <subfield code="c">by Dipak Kumar Barua</subfield>
  </datafield>
  <datafield tag="250" ind1=" " ind2=" ">
    <subfield code="a">2nd ed</subfield>
  </datafield>
  <datafield tag="260" ind1=" " ind2=" ">
    <subfield code="a">New Delhi</subfield>
    <subfield code="b">Munshi Manoharlal Publishers</subfield>
    <subfield code="c">2003</subfield>
  </datafield>
  <datafield tag="270" ind1=" " ind2=" ">
    <subfield code="a">54,Rani Jhansi Road</subfield>
    <subfield code="b">New Delhi</subfield>
    <subfield code="e">110055</subfield>
  </datafield>
  <datafield tag="300" ind1=" " ind2=" ">
    <subfield code="a">xvii, 626p. </subfield>
    <subfield code="c">21cm(Hb)</subfield>
  </datafield>
  <datafield tag="500" ind1=" " ind2=" ">
    <subfield code="a">Includes bibliographical reference and index </subfield>
  </datafield>
  <datafield tag="650" ind1=" " ind2=" ">
    <subfield code="a">Buddhist</subfield>
    <subfield code="9">14861</subfield>
  </datafield>
  <datafield tag="650" ind1=" " ind2=" ">
    <subfield code="a">Tipi&#x1E6D;aka.--Suttapi&#x1E6D;aka</subfield>
    <subfield code="9">14862</subfield>
  </datafield>
  <datafield tag="942" ind1=" " ind2=" ">
    <subfield code="2">ddc</subfield>
    <subfield code="c">EN</subfield>
    <subfield code="h">250</subfield>
    <subfield code="m">BAR</subfield>
  </datafield>
  <datafield tag="999" ind1=" " ind2=" ">
    <subfield code="c">125589</subfield>
    <subfield code="d">125589</subfield>
  </datafield>
  <datafield tag="952" ind1=" " ind2=" ">
    <subfield code="0">0</subfield>
    <subfield code="1">0</subfield>
    <subfield code="4">0</subfield>
    <subfield code="7">0</subfield>
    <subfield code="a">L</subfield>
    <subfield code="b">L</subfield>
    <subfield code="d">2015-06-22</subfield>
    <subfield code="e">Cen Lib/Ret</subfield>
    <subfield code="g">650.00</subfield>
    <subfield code="l">1</subfield>
    <subfield code="o">250 BAR</subfield>
    <subfield code="p">B-091548</subfield>
    <subfield code="r">2018-05-08 00:00:00</subfield>
    <subfield code="s">2018-04-20</subfield>
    <subfield code="t">1</subfield>
    <subfield code="v">650.00</subfield>
    <subfield code="w">2015-06-22</subfield>
    <subfield code="y">EN</subfield>
  </datafield>
  <datafield tag="952" ind1=" " ind2=" ">
    <subfield code="0">0</subfield>
    <subfield code="1">0</subfield>
    <subfield code="2">ddc</subfield>
    <subfield code="4">0</subfield>
    <subfield code="7">0</subfield>
    <subfield code="8">NFIC</subfield>
    <subfield code="a">BL1</subfield>
    <subfield code="b">BL1</subfield>
    <subfield code="d">2018-07-30</subfield>
    <subfield code="e">BPPD/Pub</subfield>
    <subfield code="g">650.00</subfield>
    <subfield code="l">0</subfield>
    <subfield code="o">250 BAR</subfield>
    <subfield code="p">B-091549</subfield>
    <subfield code="r">2018-07-30 00:00:00</subfield>
    <subfield code="v">650.00</subfield>
    <subfield code="w">2018-07-30</subfield>
    <subfield code="y">EN</subfield>
  </datafield>
  <datafield tag="952" ind1=" " ind2=" ">
    <subfield code="0">0</subfield>
    <subfield code="1">0</subfield>
    <subfield code="2">ddc</subfield>
    <subfield code="4">0</subfield>
    <subfield code="7">0</subfield>
    <subfield code="8">NFIC</subfield>
    <subfield code="a">BL4</subfield>
    <subfield code="b">BL4</subfield>
    <subfield code="d">2018-08-10</subfield>
    <subfield code="e">BPPD/PUB</subfield>
    <subfield code="g">650.00</subfield>
    <subfield code="l">0</subfield>
    <subfield code="o">250 BAR</subfield>
    <subfield code="p">B-091552</subfield>
    <subfield code="r">2018-08-10 00:00:00</subfield>
    <subfield code="v">650.00</subfield>
    <subfield code="w">2018-08-10</subfield>
    <subfield code="y">EN</subfield>
  </datafield>
</record>
